Los grandes filósofos

Kaydedildi:
Detaylı Bibliyografya
Yazar: Magee, Bryan
Materyal Türü: Kitap
Dil:Undetermined
Baskı/Yayın Bilgisi: Madrid, España Ediciones Cátedra 1990
Konular:
Etiketler: Etiketle
Etiket eklenmemiş, İlk siz ekleyin!

MARC

LEADER 00000nam a2200000Ia 4500
008 170316s9999 xx 000 0 und d
090 |a 100 M-1.1g 
100 |a Magee, Bryan 
245 |a Los grandes filósofos 
260 |a Madrid, España 
260 |b Ediciones Cátedra 
260 |c 1990 
300 |a 381 páginas 
650 |a FILOSOFÍA 
650 |a PLATÓN 
650 |a ARISTÓTELES 
650 |a FILOSOFÍA MEDIEVAL 
650 |a DESCARTES 
650 |a SPINOZA Y LEIBNIZ 
650 |a LOCKE Y BERKELEY 
650 |a HUME 
650 |a KANT 
650 |a HEGEL Y MARX 
650 |a SCHOPENHAUER 
650 |a NIETZSCHE 
650 |a HUSSERL 
650 |a HEIDEGGER 
650 |a EL EXISTENCIALISMO MODERNO 
650 |a LOS PRAGMÁTICOS AMÉRICANOS 
650 |a FREGE 
650 |a RUSSELL 
650 |a LA LÓGICA MODERNA 
650 |a WITTGENSTEIN 
999 |c 16888  |d 16888 
040 |a cru BVZT 
942 |c 15 D  |h 100 M-1.1g  |2 z